[Event "GER-chT North U12"]
[Site "Magdeburg"]
[Date "2013.09.13"]
[Round "4.3"]
[White "Schulze, Moritz"]
[Black "Wettleufer, Tilo"]
[Result "0-1"]
[WhiteElo "982"]
[BlackElo "1090"]
[PlyCount "140"]
[EventDate "2013.09.12"]
[EventType "team-swiss"]
[EventRounds "7"]
[EventCountry "GER"]
[SourceTitle "EXT 2014"]
[Source "ChessBase"]
[SourceDate "2013.11.20"]
[SourceVersion "1"]
[SourceVersionDate "2013.11.20"]
[SourceQuality "1"]
[WhiteTeam "Magdeburg USC"]
[BlackTeam "Bremen West"]
[WhiteTeamCountry "GER"]
[BlackTeamCountry "GER"]

1. c4 e5 2. Nc3 Bb4 3. g3 Nf6 4. Bg2 Nc6 5. Nf3 0-0 6. 0-0 d6 7. a3 Bxc3 8. dxc3 h6 9. Be3 Bf5 10. Nh4 Be6 11. b3 d5 12. cxd5 Bxd5 13. Bxd5 Qxd5 14. Qc2 Qe4 15. Qc1 Ng4 16. Bd2 Rfd8 17. a4 Rd7 18. Be1 Rad8 19. f3 Qe3+ 20. Qxe3 Nxe3 21. Rf2 Rd1 22. Rxd1 Rxd1 23. Ng2 Nxg2 24. Rxg2 Rxe1+ 25. Kf2 Rb1 26. b4 Rc1 27. b5 Na5 28. h4 Rxc3 29. Rg1 c5 30. bxc6 bxc6 31. Rb1 Rb3 32. Ra1 c5 33. Ke1 Rb2 34. g4 f6 35. h5 Kf7 36. Kf2 c4 37. Ke1 Ke6 38. Rd1 c3 39. Rd3 c2 40. Kd2 Nc4+ 41. Kc1 Ra2 42. e4 Na3 43. Rc3 Ra1+ 44. Kb2 Rb1+ 45. Kxa3 c1Q+ 46. Rxc1 Rxc1 47. Kb4 Kd7 48. a5 Kc6 49. g5 hxg5 50. a6 Kb6 51. Kb3 Kb5 52. Kb2 Rf1 53. Kc2 Rxf3 54. Kd2 Kc4 55. Ke2 Ra3 56. Kf2 Kd4 57. Kg2 Kxe4 58. Kf2 f5 59. Kg2 Kf4 60. Kh2 Kg4 61. Kg2 Ra2+ 62. Kf1 Kg3 63. Ke1 Rh2 64. Kf1 g4 65. Ke1 Kf3 66. Kd1 Ke3 67. Kc1 Kd3 68. Kb1 Kc3 69. Ka1 Kb3 70. h6 Rh1# 0-1

[Event "GER-chT North U12"]
[Site "Magdeburg"]
[Date "2013.09.12"]
[Round "2.2"]
[White "Wettleufer, Tilo"]
[Black "Langer, Moritz"]
[Result "0-1"]
[WhiteElo "1090"]
[BlackElo "1289"]
[PlyCount "76"]
[EventDate "2013.09.12"]
[EventType "team-swiss"]
[EventRounds "7"]
[EventCountry "GER"]
[SourceTitle "EXT 2014"]
[Source "ChessBase"]
[SourceDate "2013.11.20"]
[SourceVersion "1"]
[SourceVersionDate "2013.11.20"]
[SourceQuality "1"]
[WhiteTeam "Bremen West"]
[BlackTeam "Rostock Makkabi"]
[WhiteTeamCountry "GER"]
[BlackTeamCountry "GER"]

1. e4 d6 2. d4 Nf6 3. Nc3 g6 4. Nf3 Bg7 5. Bc4 0-0 6. 0-0 c6 7. d5 b5 8. Bd3 b4 9. Ne2 c5 10. c3 a5 11. Bg5 Nbd7 12. Re1 Ba6 13. Bxa6 Rxa6 14. Ng3 Ng4 15. h3 Nge5 16. Nxe5 Nxe5 17. f4 Nd7 18. f5 bxc3 19. Rb1 cxb2 20. a4 Rb6 21. Qd2 Rb4 22. Qc2 Nb6 23. Bd2 Rxa4 24. Bc3 Rc4 25. Re3 Bd4 26. Kf2 Rxc3 27. Qxc3 Bxc3 28. Rxc3 Qc7 29. Rb3 Na4 30. fxg6 fxg6+ 31. Ke3 c4 32. Ra3 Qc5+ 33. Kd2 Qxa3 34. Ne2 Qd3+ 35. Ke1 Qxb1+ 36. Kd2 Qd3+ 37. Ke1 b1R+ 38. Nc1 Rxc1# 0-1